opac header logoIBA Library

Accounting for sustainability : (Record no. 361)

MARC details
000 -LEADER
fixed length control field 00649nam a22002177a 4500
003 - CONTROL NUMBER IDENTIFIER
control field BD-DhUIB
005 - DATE AND TIME OF LATEST TRANSACTION
control field 20210617112631.0
008 - FIXED-LENGTH DATA ELEMENTS--GENERAL INFORMATION
fixed length control field 210617b ||||| |||| 00| 0 eng d
020 ## - INTERNATIONAL STANDARD BOOK NUMBER
International Standard Book Number 9781849710671
040 ## - CATALOGING SOURCE
Original cataloging agency BD-DhUIB
Transcribing agency BD-DhUIB
050 ## - LIBRARY OF CONGRESS CALL NUMBER
Classification number 658.4083 ACC 2010
082 ## - DEWEY DECIMAL CLASSIFICATION NUMBER
Edition number 22
100 ## - MAIN ENTRY--PERSONAL NAME
Personal name Hopwood, Anthony.
9 (RLIN) 773
245 ## - TITLE STATEMENT
Title Accounting for sustainability :
Remainder of title Practical insights /
Statement of responsibility, etc. Anthony Hopwood, Jeffrey Unerman and Jessica Fries.
260 ## - PUBLICATION, DISTRIBUTION, ETC.
Place of publication, distribution, etc. New york :
Name of publisher, distributor, etc. Earthscan ;
Date of publication, distribution, etc. c2010.
300 ## - PHYSICAL DESCRIPTION
Extent xxvi, 258p. ;
Other physical details ill. ;
Dimensions 23 cm.
526 ## - STUDY PROGRAM INFORMATION NOTE
Program name BBA.
700 ## - ADDED ENTRY--PERSONAL NAME
Personal name Unerman, Jeffrey.
9 (RLIN) 448
700 ## - ADDED ENTRY--PERSONAL NAME
Personal name Fries, Jessica.
9 (RLIN) 774
942 ## - ADDED ENTRY ELEMENTS (KOHA)
Source of classification or shelving scheme Dewey Decimal Classification
Koha item type Books
Holdings
Withdrawn status Lost status Source of classification or shelving scheme Damaged status Not for loan Collection code Home library Current library Shelving location Date acquired Source of acquisition Total Checkouts Full call number Barcode Date due Date last seen Date last checked out Copy number Price effective from Koha item type
    Dewey Decimal Classification     Fiction IBA Library IBA Library General Stacks 09/04/2018 purchase 1 658.4083 ACC 2010 00051033 10/27/2025 10/13/2025 10/13/2025 C-1 06/17/2021 Books
    Dewey Decimal Classification     Fiction IBA Library IBA Library General Stacks 09/04/2018 purchase   658.4083 ACC 2010 00051034   06/17/2021   C-2 06/17/2021 Books
    Dewey Decimal Classification     Fiction IBA Library IBA Library General Stacks 09/04/2018 purchase   658.4083 ACC 2010 00051035   06/17/2021   C-3 06/17/2021 Books
    Dewey Decimal Classification     Fiction IBA Library IBA Library General Stacks 09/04/2018 purchase   658.4083 ACC 2010 00051036   06/17/2021   C-4 06/17/2021 Books
    Dewey Decimal Classification     Fiction IBA Library IBA Library General Stacks 09/04/2018 purchase   658.4083 ACC 2010 00051037   06/17/2021   C-5 06/17/2021 Books
    Dewey Decimal Classification     Non-fiction IBA Library IBA Library General Stacks 03/03/2024 Purchase 1 658.4083 ACC 00051476 11/01/2025 10/18/2025 10/18/2025 01 10/18/2025 Books
Copyright © 2021-2026 | IBA Library
Institute of Business Administration (IBA)
University of Dhaka
Library Home | IBA Home